000 02620nam a22003017a 4500
003 OSt
005 20240510214458.0
008 240507b ||||| |||| 00| 0 eng d
040 _bEnglish.
_cCvSU-CCAT Campus Library.
_erda.
050 _aUM TA 1145
_bM87 2019
100 _aMusmos, Simon D. III, author.
_912181
245 _aE-Sakay : public utility vehicle's drive and passengers' road aid /
_cSimon, D. Musmos II, Christian O. Refe, and John Erick M. Picar.
260 _aRosario, Cavite :
_bCavite State University-CCAT Campus,
_c2019.
300 _axiv, 147 leaves :
_billustrations ;
_c28 cm
500 _aA Capstone Project Manuscript (BSInfoTech) -- Cavite State University-CCAT Campus, 2019.
504 _aIncludes bibliographical references and appendices.
520 _aMUSMOS, SIMON D., REFE, CHRISTIAN O. AND PICAR, ERICK A. Development of E-SAKAY: PUBLIC UTILITY VEHICLE'S DRIVER AND PASSENGERS' ROAD AID. Capstone Project. Bachelor of Science in Information Technology. Cavite State University-CCAT Campus, Rosario, Cavite. April 2019. Adviser. Ms. Yvana Jardine Nocon. The study was conducted from January 2019 to April 2019 to develop E-SAKAY: Public Utility Vehicle's Driver and Passengers Road Aid. Specifically, the study aimed to: 1) gather transportation rules and procedures; 2) design the logical and user interface of E-SAKAY Public Utility Vehicle's Driver and Passengers' Road Aid through mobile development tools 3) test and evaluate the mobile application using modified mobile evaluation criteria; and 4) conduct alpha testing of the developed application. 5) implement the mobile application to the CaviteƱos. The developers used the interactive model of mobile application development for the methodology. The planning, analysis, design phase were performed continuously until the application was developed for evaluation and implementation. The application was evaluated by twenty (20) respondents, composed of IT experts, passengers and drivers. The E-SAKAY: Public Utility Vehicle's Driver and Passengers Road Aid gained a total score of 95/100, suggesting an outstanding performance and characteristics.
546 _aIn English text.
650 _aPublic transportation.
_912654
650 _aPublic transportation -- Services.
_911459
650 _aLocal transit -- Philippines.
_911460
650 _aTransportation.
_911422
650 _aE-Sakay.
_912655
700 _aRefe, Christian O., author.
_912182
700 _aPicar, John Erick M., author.
_912183
942 _2lcc
_cT/M/D
_kUM
_hTA 1145 M87 2019
999 _c3332
_d3332